000 00500nam a2200193Ia 4500
003 OSt
005 20240910150139.0
008 220927b |||||||| |||| 00| 0 eng d
020 _a0631159630
040 _aSDCL
_cSDCL
_beng
041 _2eng
_aeng
082 _aRx M8
100 _aBarnes, Annette
_9511100
245 0 _aOn interpretation:
_b A critical analysis/
260 _c1988
300 _a171p.
_ccm.
942 _hRx M8
_cTEXL
_2CC
999 _c831319
_d831319